Fc Barcelone - Tous les joueurs de 2000 à 2010 - Statistiques

Statistiques générales
  • Ce quiz a été pris 27 fois
  • Le résultat moyen est 32 sur 124
Statistiques - réponses
Saisons Nationalité Joueur Nombre
De Matchs
Poste % Correct
2002 - 2018 Espagne AndresIniesta 674 M
100%
2004 - 2021 Argentine LionelMessi 778 A
100%
1999 - 2014 Espagne CarlesPuyol 593 D
96%
2008 - 2023 Espagne GerardPiqué 616 D
96%
2008 - 20162021 - 2022 Brésil DaniAlves 408 D
92%
2003 - 2008 Brésil Ronaldinho 207 M/A
92%
2004 - 2009 Cameroun SamuelEto'o 199 A
92%
2008 - 2023 Espagne SergioBusquets 722 M
92%
2002 - 2014 Espagne VictorValdes 536 G
92%
1998 - 2015 Espagne XaviHernandez 767 M
92%
2007 - 2013 France EricAbidal 193 D
81%
2007 - 2015 Espagne Pedro 321 A
77%
2007 - 2010 France ThierryHenry 121 A
77%
1990 - 2001 Espagne PepGuardiola 384 M
73%
2003 - 2010 Mexique RafaMarquez 242 D
73%
2008 - 2012 Mali SeydouKeita 188 M
73%
2001 - 20042006 - 2007 Argentine JavierSaviola 172 A
69%
1996 - 2004 Espagne LuisEnrique 300 M
69%
2004 - 2008 Portugal Deco 161 M
62%
2004 - 2007 France LudovicGiuly 125 M/A
58%
1998 - 2004 Pays - Bas PatrickKluivert 257 A
58%
2006 - 2008 France LilianThuram 58 D
54%
2007 - 2010 CoteD'Ivoire YayaToure 118 M
54%
2008 - 2009 Biélorussie AleksandrHleb 36 M
50%
2000 - 2001 France EmmanuelPetit 38 M
50%
2006 - 2008 Italie GianlucaZambrotta 85 D
50%
2003 - 2007 Pays - Bas GiovanniVan Bronckhorst 154 D
50%
2004 - 2006 Suède HenrikLarsson 59 A
46%
1997 - 2002 Brésil Rivaldo 235 M
46%
2006 - 2009 Islande EidurGudjohnsen 114 A
42%
2000 - 2004 Pays - Bas MarcOvermars 141 A
42%
2009 - 2012 Brésil Maxwell 89 D
42%
2007 - 2011 Espagne BojanKrkic 163 M/A
38%
2002 - 2003 Espagne DavidSanchez 1 M
38%
2000 - 2005 Espagne GerardLopez 135 M
38%
2007 - 2014 Espagne Jose ManuelPinto 89 G
38%
2005 - 2006 Pays - Bas MarkVan Bommel 38 M
38%
2004 - 2006 Argentine MaxiLopez 19 A
38%
2002 - 2004 Espagne OscarLopez 13 D
38%
2004 - 2009 Brésil Sylvinho 128 D
38%
2007 - 2009 Espagne VictorSanchez 14 M
38%
2006 - 2008 Mexique GiovaniDos Santos 38 A
35%
2009 - 2014 Mexique JonathanDos Santos 28 M
35%
2008 - 2009 Espagne XaviTorres 2 M
31%
1998 - 2003 Pays - Bas FrankDe Boer 214 D
27%
2007 - 2011 Argentine GabrielMilito 76 D
27%
2004 - 2006 Espagne Rodri 8 D
27%
2001 - 2007 Italie ThiagoMotta 147 M
27%
1999 - 2004 Espagne DaniGarcia 85 A
23%
2003 - 2004 Pays - Bas EdgarDavids 20 M
23%
2004 - 2008 Brésil Edmilson 96 M
23%
2002 - 2003 Argentine Juan RomanRiquelme 42 M
23%
1998 - 19992003 - 2004 Espagne LuisGarcia 38 A
23%
2009 - 2016 Espagne MarcBartra 103 D
23%
2003 - 2004 Portugual RicardoQuaresma 28 A
23%
2002 - 2004 Espagne SergioGarcia 10 A
23%
2004 - 2007 Brésil JulianoBelletti 103 D
19%
2008 - 2009 Uruguay MartinCaceres 23 D
19%
2008 - 2013 Espagne ThiagoAlcantara 100 M
19%
2006 - 2011 Vénézuela Jeffren 34 A
15%
2005 - 2006 Espagne JordiGomez 1 M
15%
2002 - 2008 Espagne Oleguer 175 D
15%
2001 - 2003 France PhilippeChristanval 47 D
15%
2004 - 2005 Espagne RubenMartinez 3 G
15%
1995 - 19982000 - 2001 Espagne IvanDe La Pena 120 M
12%
1999 - 2001 Finlande JariLitmanen 32 M
12%
1997 - 2004 Pays - Bas MichaelReiziger 255 D
12%
2000 - 2002 Espagne PepeReina 49 G
12%
2000 - 2002 France RichardDutruel 22 G
12%
2008 - 2009 Espagne AbrahamGonzalez 1 M
8%
1998 - 2001 Pays - Bas BoudewijnZenden 95 A
8%
2009 - 2010 Ukraine DmytroChygrynskyi 14 D
8%
2001 - 2004 Suède PatrikAndersson 31 D
8%
1998 - 2004 Pays - Bas PhillipCocu 292 M
8%
1999 - 2001 Portugal Simao 70 A
8%
2009 - 2012 Espagne AndreuFontas 16 D
4%
2004 - 2005 Italie DemetrioAlbertini 6 M
4%
2001 - 2002 Italie FrancescoCoco 33 D/M
4%
2002 - 2003 Espagne GaizkaMendieta 49 M
4%
2005 - 2007 Espagne JesusOlmo 2 D
4%
2008 - 2012 Espagne MarcMuniesa 4 D
4%
2007 - 2011 Espagne VictorVazquez 3 M
4%
1994 - 2002 Espagne Abelardo 257 D
0%
2003 - 2009 Espagne AlbertJorquera 24 G
0%
2008 - 2009 Espagne AlbertoBotia 1 D
0%
2000 - 2002 Espagne Alfonso 38 A
0%
2005 - 2006 Espagne AndreaOrlandi 1 M
0%
2005 - 2006 Espagne CristianHidalgo 1 A
0%
2004 - 2005 Espagne DamiaAbella 10 D
0%
2002 - 2003 Espagne DaniTortolero 2 D
0%
2000 - 2001 Espagne DavidBermudo 1 D
0%
2001 - 2003 Brésil FabioRochemback 68 M
0%
2007 - 2008 Espagne Fali 1 D
0%
2001 - 20032004 - 2005 Espagne FernandoNavarro 35 D
0%
1996 - 2001 Espagne FrancescArnau 32 G
0%
1999 - 2006 Espagne Gabri 194 M
0%
2009 - 2010 Israel GaiAssulin 1 A
0%
2001 - 2003 Brésil Geovanni 43 M
0%
2005 - 2006 Espagne JaviMartos 1 D
0%
2004 - 2005 Espagne Javito 1 A
0%
2004 - 2005 Espagne JoanVerdu 2 M
0%
1997 - 19982001 - 2002 Espagne JofreMatheu 2 A
0%
2009 - 2010 Espagne JonathanSoriano 1 A
0%
2007 - 2008 Espagne Jose ManuelRueda 1 M
0%
2002 - 2003 Argentine Juan PabloSorin 15 D
0%
2005 - 2006 France LudovicSylvestre 1 M
0%
2006 - 2008 Espagne MarcCrosas 4 M
0%
2006 - 2008 Espagne MarcValiente 2 D
0%
2003 - 2004 Espagne MarioAbrante 2 D
0%
1999 - 2003 Espagne Nano 6 D
0%
2007 - 2009 Espagne OierOlazabal 2 G
0%
2003 - 2004 Espagne OriolRiera 1 A
0%
2005 - 2006 Espagne PacoMontanes 1 A
0%
2005 - 2006 Espagne Pitu 1 M
0%
2005 - 2006 Espagne RamonMaso 1 D
0%
2003 - 2004 Espagne RamonRos 2 M
0%
2002 - 2003 Allemagne RobertEnke 4 G
0%
2001 - 2004 Argentine RobertoBonano 74 G
0%
2001 - 2002 Espagne RobertoTrashorras 3 M
0%
2003 - 2004 Turquie RustuRecber 7 G
0%
2005 - 2008 Espagne SantiagoEzquerro 41 A
0%
1993 - 2002 Espagne SergiBajuan 382 D
0%
1999 - 20012003 - 2004 Espagne SergioSantamaria 7 A
0%
2009 - 2010 Suède ZlatanIbarhimovic 46 A
0%
Aucun quiz correspondant
Distribution des résultats
% des personnes avec chaque résultat
Percentile par nombre de réponses
Votre historique - résultats
Vous n’avez pas pris ce quiz